000 00253nam a2200097Ia 4500
001 1101915
005 20250827003311.0
008 250824s9999 xx 000 0 und d
245 0 _aKORKU DUVARINI YIKMAK
_cMUSTAFA ARMAĞAN
260 _bKETEBE YAYINLARI
999 _c1101915
_d1101915